Giáo dục kỹ năng sống cho học sinh tiểu học thông qua môi trường học tập thân thiện /

में बचाया:
ग्रंथसूची विवरण
मुख्य लेखक: Lê Tuấn Kiệt.
अन्य लेखक: Nguyễn Văn Thành.
स्वरूप: लेख
भाषा:Vietnamese
विषय:
टैग : टैग जोड़ें
कोई टैग नहीं, इस रिकॉर्ड को टैग करने वाले पहले व्यक्ति बनें!
Thư viện lưu trữ: Thư viện Trường Đại học Đà Lạt
LEADER 00955nam a2200289 4500
001 DLU180186726
005 ##20180905
040 # # |a DLU  |b vie 
041 # # |a vie 
044 # # |a vn 
100 # # |a Lê Tuấn Kiệt. 
245 # # |a Giáo dục kỹ năng sống cho học sinh tiểu học thông qua môi trường học tập thân thiện /  |c Lê Tuấn Kiệt, Nguyễn Văn Thành. 
653 # # |a Giáo dục 
653 # # |a Học sinh tiểu học 
653 # # |a Kỹ năng sống 
700 # # |a Nguyễn Văn Thành. 
773 # # |t Tạp chí dạy và học ngày nay  |g Số 4, 2015, tr. 
773 # # |t Tạp chí dạy và học ngày nay  |g Số 4, 2015, tr. 58-60 
920 # # |a Phòng Tạp chí -- Trung tâm Thông tin - Thư viện Trường Đại học Đà Lạt 
994 # # |a DLU 
900 # # |a True 
911 # # |a Trần Thị Minh Hương 
925 # # |a G 
926 # # |a A 
927 # # |a BB 
980 # # |a Thư viện Trường Đại học Đà Lạt